00253nam a2200097Ia 4500008004100000100002000041245003100061260003400092300000900126650002000135190216s9999||||xx |||||||||||||| ||und|| aRadhakrishnan C 0aMunpe Parakkunna Pakshikal b"Hi Tech Books , Kochi"c1989 a515p aMalayalam Novel